Brawl Stars - Épicos #4 - Statistics

Estatísticas Gerais
  • Esse quiz foi jogado 26 vezes
  • A pontuação média é 4 de 7
Estatísticas das Respostas
Brawler % Correto
Edgar
76%
Frank
76%
Piper
76%
Pam
65%
Nani
59%
Bibi
53%
Bea
41%
Nenhum quiz correspondente encontrado
Distribuição das Pontuações
Porcentagem de Pessoas com Cada Pontuação
Percentil de Números Respondidos
Sua Pontuação Histórica
Você não jogou esse quiz